Eneida

Kaydedildi:
Detaylı Bibliyografya
Asıl Yazarlar: Virgilio (Yazar), Virgilio Marón, Publio (Yazar)
Materyal Türü: Kitap
Dil:İspanyolca
Baskı/Yayın Bilgisi: Madrid Cátedra 2006
Edisyon:10a. ed
Seri Bilgileri:Letras Universales, 60
Konular:
Etiketler: Etiketle
Etiket eklenmemiş, İlk siz ekleyin!

MARC

LEADER 00000nam a2200000 a 4500
001 UCG3520
003 CL-VaPUC
008 100902e20060000SP |||||||||||||||||spa|d
020 |a 8437608988 
082 0 4 |a 873  |b VIR  |2 21 
100 0 |a Virgilio  |e author  |9 266332 
700 0 |a Virgilio Marón, Publio  |e author  |9 266333 
245 1 0 |a Eneida 
250 |a 10a. ed 
300 |a 646 p 
942 |c BK 
945 |d 20100902 00:00:00  |a mfarfan 
260 |a Madrid  |b Cátedra  |c 2006 
650 0 |a Literatura latina   |9 258055 
650 0 |a Poesía épica   |9 269163 
650 0 |a Poesía latina   |9 341307 
583 |a last modification  |c 20121218 08:02:08  |k Rodrigo Vera 
490 0 |a Letras Universales, 60 
999 |c 342588  |d 342586 
952 |0 0  |1 0  |4 0  |6 873_000000000000000_VIR_2006  |7 0  |8 R  |9 438870  |a BIBHIS  |b BIBHIS  |d 2019-11-22  |i 4709845  |l 1  |o 873 VIR 2006  |p 4709845  |r 2024-01-30  |s 2021-09-27  |w 2019-11-22  |y BK_R  |k HIS